00870nam a2200241 a 450000100060000000300080000600500170001400800410003102000280007203500190010004000270011904100080014608200220015410000330017624500590020926000490026830000330031750400640035065000280041494200120044299900170045495201570047157602BD-RjUL20211209080532.0161210s2001 enka b 001 0 eng  a0195139046 (alk. paper) a(BD-RjUL)57726 aDLCcDLCdBD-RjULbeng aeng00a300223bTUC 20011 aTurner, Mark,d1954-917103010aCognitive dimensions of social science /cMark Turner. aNew York :bOxford University Press,cc2001. avi, 183 p. :bill. ;c25 cm. aIncludes bibliographical references (p. 171-177) and index. 0aSocial sciences9171029 2ddccBK c57602d57602 00102ddc40718NFICaRUCLbRUCLcReadingd2013-07-01eDhaka, space marketing Comm.g1960.00l0o300 TUC 2001r2016-12-10 00:00:00tC-1w2016-12-10yBK